| 000 | 02462nmm a2200493 a 4500 | ||
|---|---|---|---|
| 003 | AR-BaBNM | ||
| 005 | 20251128205332.0 | ||
| 008 | 011101s1996 ||||||||||||||000 | spa|| | ||
| 020 | _a950-701-336-9 | ||
| 040 | _cAR-BaBNM | ||
| 111 | 2 |
_aCongreso Mundial de Lectura _n15 _cBuenos Aires, Argentina _d1994 |
|
| 245 | 1 | 0 | _aAlfabetización por todos y para todos |
| 250 | _a1ª ed. | ||
| 260 |
_aBuenos Aires _bAique _c1996 |
||
| 300 | 0 |
_a173 p. _bdiagr. |
|
| 500 | 0 | _aIRA: ASOCIACION INTERNACIONAL DE LECTURA | |
| 504 | _aContiene bibliografía al final de cada capítulo | ||
| 505 |
_tEl mundo depende de los maestros _rSmith, Frank |
||
| 505 |
_tCómo la enseñanza apoya el aprendizaje en el desarrollo de la lectoescritura _rGoodman, Kenneth S. |
||
| 505 |
_tCómo determinar el equilibrio entre aprender, usar y conocer el lenguaje _rCazden, Courtney B. |
||
| 505 |
_tEl derecho de escribir para ser libres _rGraves, Donald H. |
||
| 505 |
_tAprender y enseñar a leer y escribir : contextos que promueven la lectoescritura en clase _rRoutman, Regie |
||
| 505 |
_tActualización de docentes en el área de la lectura y la escritura : reflexiones y proposiciones _rDubois, María Eugenia |
||
| 505 |
_tEl docente venezolano : planes de formación y nuevas alternativas para el área de lectura y escritura _rTellería, Begoña |
||
| 505 |
_tEstrategias metodológicas en la formación y actualización de los docentes en lectura y escritura _rRomo de Muñoz, Violeta |
||
| 505 |
_tFormación de docentes y evaluación en el área de lectura y la escritura _rSerrano de Moreno, Stella |
||
| 505 |
_tFormación de docentes para trabajar con bachilleres en el área de lectura y la escritura _rAguirre de Ramírez, Rubiela |
||
| 505 |
_tLa formación del profesor de lenguas extranjeras en el área de la escritura : una experiencia _rTorija de Bendito, Ana |
||
| 505 |
_tAlgunas consideraciones sobre alfabetización de adultos _rFebres Fajardo, Judith |
||
| 650 | 4 | _aALFABETIZACION | |
| 650 | 4 | _aCENTROS DE ALFABETIZACION | |
| 650 | 4 | _aESCRITURA | |
| 650 | 4 | _aINICIACION EN LA LECTURA | |
| 650 | 4 | _aPROCESO DE LECTURA | |
| 650 | 4 | _aENSENANZA DE LA ESCRITURA | |
| 650 | 4 | _aMEJORA DE LA ESCRITURA | |
| 650 | 4 | _aFORMACION DE DOCENTES | |
| 650 | 4 | _aMETODOS DE ENSENANZA | |
| 650 | 4 | _aEDUCACION DE ADULTOS | |
| 653 | 0 | _aLECTOESCRITURA | |
| 700 | 1 |
_aRodríguez, María Elena _ecompilador |
|
| 942 | _cBK | ||
| 998 | _cSILVI | ||
| 999 |
_c10984 _d10984 |
||